000 00288nam a22001337a 4500
008 170808b xxu||||| |||| 00| 0 eng d
020 _a15767601829
041 _aeng
080 _a004
100 _a35
101 _aSHK
245 _aQUICKSTART TO JAVA SCRIPT
_cLIN,F
942 _2udc
_cBK
999 _c22895
_d22895